000 01088nam1a2200277 i 4500
001 RU\NLR\BIBL_A\010301853
005 20260405183109.0
035 _a(NLR Aleph) 010301853
090 _a10597509
_c10597509
100 _a20140326g20149999um y0rusy50 ca
101 1 _arus
_cheb
102 _aRU
105 _a||||z||||||||
200 1 _aГолос в тишине
_eрасказы о чудесном
_eпо мотивам хасидских историй, собранных раввином Шломо-Йосефом Зевиным
_fпер. [с иврита] и пересказ Якова Шехтера
210 _aМосква
_cКнижники
_d2014
215 _d17
225 1 _aРассказы о чудесном
686 1 _aШ3(0)961-67
686 1 _aШ6(5И)07-4(Лх2070)
702 1 _4570
_7ca
_8rus
_aЗевин
_bШ.-Й.
_f1890-1978
_gШломо-Йосеф
_962681
_3RU\NLR\AUTH\7779753
702 1 _aШехтер
_bЯ.
_gЯков
_4730
852 _aNLR
_j2014-2/1108
942 _cBOOK